[Event "Bundesliga 2007-8"]
[Site "Bindlach GER"]
[Date "2008.03.09"]
[Round "11"]
[White "Kraemer,Mart"]
[Black "Sargissian,G"]
[Result "0-1"]
[WhiteElo "2436"]
[BlackElo "2676"]

1.d4 d5 2.c4 c6 3.Nc3 Nf6 4.e3 e6 5.Nf3 Nbd7 6.Qc2 Bd6 7.b3 O-O 8.Bb2 b6
9.Be2 Bb7 10.O-O Qe7 11.Rfe1 Rad8 12.Rad1 c5 13.cxd5 exd5 14.Bf1 Rfe8 15.g3 h6
16.Bg2 Qe6 17.dxc5 bxc5 18.Ne2 Ne4 19.Nf4 Bxf4 20.exf4 Qb6 21.Ne5 Ndf6 22.Rc1 Rc8
23.Bh3 Rc7 24.Ng4 Nxg4 25.Bxg4 Rce7 26.Ba3 d4 27.Bf3 Ng5  0-1

[Event "Open"]
[Site "Blackpool ENG"]
[Date "2008.03.09"]
[Round "4"]
[White "Foord,D"]
[Black "Mason,D"]
[Result "0-1"]
[WhiteElo "1995"]
[BlackElo "2246"]

1.d4 Nf6 2.c4 e6 3.Nf3 d5 4.Nc3 c6 5.e3 Nbd7 6.Qc2 Bd6 7.g4 dxc4 8.g5 Nd5
9.Bxc4 O-O 10.e4 Nxc3 11.bxc3 e5 12.Be3 Qe7 13.Rg1 b5 14.Bd3 b4 15.Nh4 g6
16.Nf5 gxf5 17.exf5 Kh8 18.f6 Qe6 19.Bf5 Qc4 20.Qd1 Nxf6 21.Bd3 Qxc3+ 22.Bd2  0-1

[Event "10th WCh-University"]
[Site "Novokuznetsk RUS"]
[Date "2008.03.09"]
[Round "7"]
[White "Yurkov,P"]
[Black "Battulga,N"]
[Result "0-1"]
[WhiteElo "2332"]
[BlackElo "2306"]

1.d4 d5 2.c4 e6 3.Nc3 Nf6 4.Nf3 c6 5.e3 Nbd7 6.Qc2 Bd6 7.Bd3 O-O 8.O-O dxc4
9.Bxc4 a6 10.Rd1 Qc7 11.e4 e5 12.g3 b5 13.Be2 Re8 14.dxe5 Nxe5 15.Bg5 Nfg4
16.Nd4 b4 17.Na4 c5 18.Nf5 Bxf5 19.exf5 Qc6 20.h3 h6 21.Bf4 Nf6 22.Rac1 Bf8
23.b3 Nf3+ 24.Bxf3 Qxf3 25.Rd3 Qh5 26.g4 Qh4 27.Kg2 Nh7 28.Bg3 Qf6 29.Qd1 Qc6+
30.f3 Rac8 31.Rc4 Nf6 32.Bf2 Re5 33.Bg3 Rd5 34.Rxd5 Nxd5 35.Bf2 Re8 36.Qd2 Nb6
37.Qc2 Qb5 38.h4 Re5 39.Re4 Rd5 40.Qe2 Qd7 41.Qxa6 h5 42.Qa8 hxg4 43.fxg4 Rd2
44.Re8 Qd6 45.Qf3 Rxa2 46.g5 Rd2 47.Re3 Qd4 48.Re8 Qd6 49.h5 Qd7 50.Re3 Rd5
51.g6 Rxf5 52.Qe2 fxg6 53.Qc4+ Qf7 54.Qxf7+ Kxf7 55.hxg6+ Kxg6 56.Re4 Rd5
57.Re6+ Kf5 58.Re8 Bd6 59.Rc8 Ke4 60.Rd8 Be5 61.Rf8 Bf6 62.Re8+ Kd3 63.Rc8 Bd4  0-1

[Event "XXIII Open"]
[Site "Reykjavik ISL"]
[Date "2008.03.09"]
[Round "7"]
[White "Vavrak,P"]
[Black "Hillarp Persson,T"]
[Result "0-1"]
[WhiteElo "2472"]
[BlackElo "2535"]

1.d4 d5 2.c4 e6 3.Nc3 Nf6 4.Nf3 c6 5.e3 Nbd7 6.Qc2 Bd6 7.b3 O-O 8.Be2 b6
9.O-O Bb7 10.Bb2 Qe7 11.e4 dxe4 12.Nxe4 Nxe4 13.Qxe4 f5 14.Qc2 c5 15.dxc5 Bxc5
16.Rad1 Rad8 17.Qc1 Nf6 18.Ne5 Rxd1 19.Rxd1 Rd8 20.Nd3 Bd4 21.Qa1 e5 22.Bxd4 Rxd4
23.Ne1 Rxd1 24.Qxd1 Qd7 25.Qxd7 Nxd7 26.f3 Kf7 27.Kf2 g5 28.Bd3 Kf6 29.g4 e4
30.Bb1 Ne5 31.h3 h5 32.gxf5 exf3 33.Nd3 Nxd3+ 34.Bxd3 Bc8 35.Kxf3 Bxf5 36.Bf1 Ke5
37.Ke3 h4 38.b4 g4 39.hxg4 Bxg4 40.a3 Bd7 41.c5 bxc5 42.bxc5 Kd5 43.Bg2+ Kxc5
44.Kd3 Be6 45.Kc3 Bf5 46.Bf1 Kd5 47.Bg2+ Ke5 48.Bf1 Ke4 49.Kd2 Kf3 50.Ke1 Kg3
51.Ke2 Be4 52.Ke3 Bg2  0-1

[Event "ch-UKR Boys u20"]
[Site "Odessa UKR"]
[Date "2008.03.11"]
[Round "7"]
[White "Grinev,V"]
[Black "Bogdanovich,S"]
[Result "1/2-1/2"]
[WhiteElo "2266"]
[BlackElo "2286"]

1.d4 d5 2.c4 c6 3.Nc3 Nf6 4.e3 e6 5.Nf3 a6 6.Ne5 dxc4 7.Bxc4 b5 8.Bb3 c5
9.Qf3 Ra7 10.dxc5 Bxc5 11.O-O Bb7 12.e4 Nc6 13.Nxc6 Bxc6 14.Qg3 O-O 15.Bh6 Ne8
16.Rac1 Qb6 17.e5 Rd7 18.Bc2 Kh8 19.Bg5 f5 20.Rfd1 Rff7 21.Bb3 Nc7 22.Bd8 Bb7
23.Ne2 Rxd1+ 24.Rxd1 Qc6 25.Bxc7 Qxc7 26.Bxe6 Re7 27.Bxf5 g6 28.Bg4 Qxe5
29.Rd8+ Kg7 30.Qxe5+ Rxe5 31.Rd7+ Re7 32.Rxe7+ Bxe7 33.Kf1 Bf6 34.b3 Be4
35.b4 Bd5 36.Nc1 Bc3 37.Nd3 Bxa2 38.Bc8 Bc4 39.Ke2 a5 40.bxa5 Bxa5 41.Ba6 Kf6
42.Ke3 Ke6 43.Kd4 Kd6 44.f4 Bb6+ 45.Kc3 Ba5+ 46.Kd4 Bb6+ 47.Kc3 Bg1 48.h3 Bd5
49.Bxb5 Bxg2 50.h4 Bh2 51.Bc4 Ke7 52.Bg8 Kf6 53.Kd4 Bg3 54.f5 Kxf5 55.Bxh7 Bxh4
56.Ke3 Bg5+ 57.Kf2 Be4 58.Ne1 Bh4+ 59.Kf1 Bd5 60.Ng2 Bc4+ 61.Kg1 Bg5 62.Kf2 Kf6
63.Ne3 Be6 64.Kf3 Kg7 65.Bxg6 Kxg6 66.Ke4 Ba2 67.Kd4 Kf6 68.Ke4 Ke6 69.Kd4 Bf6+
70.Ke4 Bb1+ 71.Kf4 Bd3 72.Kf3 Bg5 73.Ng4 Kd5 74.Ne3+ Kd4 75.Ng4 Bg6 76.Nf2 Bh5+
77.Kg3 Ke5 78.Ng4+ Kf5 79.Nf2 Bd2 80.Nh3 Be1+ 81.Nf2 Be2 82.Kg2 Kf4 83.Nh3+ Ke3
84.Ng1 Bg4 85.Kf1 Bf2 86.Kg2 Bh4 87.Nh3 Bf3+ 88.Kf1 Bb7 89.Ng1 Kf4 90.Ke2 Kg3
91.Kd2 Kf2 92.Nh3+ Kg3 93.Ng1 Bg5+ 94.Kd1 Kg2 95.Ne2 Bf3 96.Ke1 Bg4 97.Nc3 Bh6
98.Ne4 Kf3 99.Nd2+ Ke3 100.Nf1+ Kd3 101.Kf2 Ke4 102.Ng3+ Kd3 103.Nf1 Bf4
104.Kg2 Bb8 105.Kf2 Bc7 106.Kg2 Ke4 107.Kf2 Kf4 108.Kg2 Bb6 109.Nd2 Be2 110.Nf1 Bf3+
111.Kh3 Ba5 112.Kh2 Be1 113.Kh3 Bb7 114.Nh2 Ba5 115.Nf1 Bb6 116.Nh2  1/2-1/2

[Event "XXIII Open"]
[Site "Reykjavik ISL"]
[Date "2008.03.11"]
[Round "9"]
[White "Limontaite,S"]
[Black "Thorsteinsson,Arn"]
[Result "1-0"]
[WhiteElo "2152"]
[BlackElo "2255"]

1.d4 d5 2.c4 c6 3.Nc3 Nf6 4.e3 e6 5.Nf3 Nbd7 6.Bd3 dxc4 7.Bxc4 b5 8.Bd3 a6
9.e4 c5 10.d5 e5 11.Bg5 h6 12.Bh4 Bd6 13.O-O O-O 14.b3 Re8 15.a4 b4 16.Ne2 Nf8
17.Nd2 g5 18.Bg3 Nh5 19.f3 Nxg3 20.Nxg3 a5 21.Bb5 Re7 22.Nc4 Ng6 23.Rc1 Rea7
24.Nxd6 Qxd6 25.Qc2 Rc7 26.Bc6 Rxc6 27.dxc6 Qxc6 28.Qxc5 Qa6 29.Qc6 Be6 30.Qxa6 Rxa6
31.Rb1 Rc6 32.Ne2 Rc2 33.Rfe1 Kg7 34.g3 f5 35.Kf2 f4 36.Rec1 fxg3+ 37.hxg3 Rxc1
38.Nxc1 Ne7 39.Nd3 Nc6 40.Nc5 Kf6 41.Rh1 Nd4 42.Rxh6+ Ke7 43.Nxe6 Nxe6 44.Rh7+ Kd6
45.Ra7 Nc5 46.Rxa5 Nxb3 47.Rb5 Nc5 48.Ke3 Nxa4 49.Rxb4 Nc5 50.Rb6+ Ke7 51.Rg6 Ne6
52.Rxe6+ Kxe6 53.Kd3 Kd6 54.Kc4 Kc6 55.g4 Kd6 56.Kb5 Kd7 57.Kc5 Ke6 58.Kc6  1-0

[Event "FSGM March"]
[Site "Budapest HUN"]
[Date "2008.03.12"]
[Round "11"]
[White "Bui Vinh"]
[Black "Varga,Zo"]
[Result "0-1"]
[WhiteElo "2482"]
[BlackElo "2506"]

1.d4 d5 2.c4 c6 3.e3 Nf6 4.Nc3 e6 5.Nf3 Nbd7 6.Qc2 Bd6 7.b3 O-O 8.Be2 dxc4
9.bxc4 e5 10.O-O Re8 11.Rd1 exd4 12.exd4 h6 13.c5 Bc7 14.Bc4 Nf8 15.d5 Nxd5
16.Nxd5 cxd5 17.Bxd5 Qf6 18.Bb2 Qg6 19.Qc3 Rb8 20.Bb3 Bg4 21.Nh4 Qg5 22.Rd5 Bxh2+
23.Kxh2 Qxh4+ 24.Kg1 Qf6 25.Qxf6 gxf6 26.Bxf6 Be6 27.Rh5 Bxb3 28.axb3 Re6
29.Bd4 a6 30.Be3 Kg7 31.Ra4 Rc8 32.Rd4 b5 33.cxb6 Rxb6 34.Rg4+ Rg6 35.Bxh6+ Kg8
36.Rgh4 Ne6 37.Bg5 Nxg5 38.Rg4 Rc5 39.f4 Ne4 40.Rxc5 Nxc5 41.Rh4 Re6  0-1

[Event "ch-RUS Girls u20"]
[Site "St Petersburg RUS"]
[Date "2008.03.12"]
[Round "5"]
[White "Ivakhinova,I"]
[Black "Meleshko,Ann"]
[Result "0-1"]
[WhiteElo "2250"]
[BlackElo "2215"]

1.d4 d5 2.c4 c6 3.Nc3 Nf6 4.e3 e6 5.Nf3 Nbd7 6.Qc2 Be7 7.Bd3 dxc4 8.Bxc4 b5
9.Bd3 b4 10.Na4 Bb7 11.e4 h6 12.O-O Rc8 13.Rd1 O-O 14.e5 Nd5 15.Qe2 h5 16.Qe4 g6
17.g4 hxg4 18.Qxg4 Kg7 19.Ng5 Bxg5 20.Bxg5 Qa5 21.Nc5 Nxc5 22.dxc5 Rh8 23.Be4 Rh5
24.Rd3 Qc7 25.Bxd5 Qxe5 26.Bf4 Qxb2 27.Re1 cxd5 28.Rh3 Rf5 29.Qxf5 gxf5 30.Be5+ Qxe5
31.Rxe5 Rxc5 32.Re1 d4 33.Rg3+ Kf6 34.a3 bxa3 35.Rxa3 a6 36.Rd3 Rd5 37.f4 Bc6
38.Red1 e5 39.Rh3 Bb5 40.fxe5+ Kxe5 41.Kf2 d3 42.Rh8 d2 43.Rh4 f4 44.Rh5+ f5  0-1

[Event "ch-RUS Boys u20"]
[Site "St Petersburg RUS"]
[Date "2008.03.12"]
[Round "5"]
[White "Romanov,E"]
[Black "Sjugirov,S"]
[Result "0-1"]
[WhiteElo "2543"]
[BlackElo "2491"]

1.d4 d5 2.Nf3 Nf6 3.c4 e6 4.Nc3 c6 5.e3 Nbd7 6.Qc2 Bd6 7.g4 h6 8.Bd2 dxc4
9.Bxc4 b5 10.Be2 Bb7 11.g5 hxg5 12.Nxg5 b4 13.Na4 c5 14.Rg1 Qe7 15.dxc5 Nxc5
16.Nxc5 Bxc5 17.Bf3 Bd6 18.Rc1 Bxf3 19.Nxf3 O-O 20.e4 Qb7 21.Qc6 Qxc6 22.Rxc6 Nxe4
23.Bh6 Kh7 24.Bxg7 Rfc8 25.Rxc8 Rxc8 26.Ke2 Ng3+ 27.hxg3 Kxg7 28.Rd1 Be7
29.Rd7 Bf6 30.Rxa7 Rc2+ 31.Nd2 Bxb2 32.Kd3 Rc3+ 33.Ke2 Ba3 34.Nb1 Rc2+ 35.Kf3 Bc1
36.a4 bxa3 37.Nxa3 Rc3+  0-1

[Event "TCh-AUT 1st Bundesliga 2007-8"]
[Site "Graz AUT"]
[Date "2008.03.13"]
[Round "8"]
[White "Braun,A"]
[Black "Frosch,R"]
[Result "1-0"]
[WhiteElo "2536"]
[BlackElo "2229"]

1.Nf3 d5 2.d4 Nf6 3.c4 e6 4.Nc3 c6 5.e3 Nbd7 6.Qc2 Bd6 7.b3 O-O 8.Bb2 Qe7
9.Be2 dxc4 10.bxc4 e5 11.O-O e4 12.Nd2 Re8 13.a4 Nf8 14.c5 Bc7 15.Ba3 Ng6
16.Nc4 Ng4 17.Nd6 Qh4 18.h3 Bxd6 19.cxd6 Nf6 20.Kh2 h5 21.Rab1 Nf8 22.Qd2 N8h7
23.f4 exf3 24.Bxf3 Bxh3 25.Qe1 Qxe1 26.Rfxe1 Bc8 27.e4 Ng5 28.Bc1 Nxf3+ 29.gxf3 b6
30.Bg5 Nd7 31.Be7 Ba6 32.f4 f5 33.e5 Bc4 34.e6 Nf8 35.d5 cxd5 36.Nb5 Bxb5
37.Rxb5 Ng6 38.Bg5 Nf8 39.d7 Rxe6 40.Rxe6 Nxe6 41.Rxd5 g6 42.d8=Q+ Nxd8 43.Bxd8 Kf7
44.Rd6 Rc8 45.Bg5 Rc7 46.Kg3 Rb7 47.Kh3 Kg7 48.Bf6+ Kh6 49.Kh4 Rf7 50.Bd4 Rb7
51.Rd8 Rc7 52.Be5 Rb7 53.Bd6  1-0

[Event "TCh-AUT 1st Bundesliga 2007-8"]
[Site "Graz AUT"]
[Date "2008.03.13"]
[Round "8"]
[White "Kunin,V"]
[Black "Duer,W"]
[Result "1-0"]
[WhiteElo "2538"]
[BlackElo "2272"]

1.d4 d5 2.c4 c6 3.Nf3 Nf6 4.Nc3 e6 5.e3 Nbd7 6.Qc2 Bd6 7.Bd3 dxc4 8.Bxc4 b5
9.Bd3 Bb7 10.O-O O-O 11.e4 e5 12.Ne2 Rc8 13.Ng3 exd4 14.Nf5 Bb8 15.Re1 Re8
16.Bg5 Ne5 17.Nxe5 Rxe5 18.f4 Rxf5 19.exf5 Qd6 20.Bxf6 gxf6 21.Rf1 c5 22.Be4 Bd5
23.Rad1 Bc7 24.Kh1 Rd8 25.Bxd5 Qxd5 26.Qe2 d3 27.Qg4+ Kh8 28.Rf3 Rg8 29.Rfxd3 Qxa2
30.Qe2 Bxf4 31.Rd8 Rxd8 32.Rxd8+ Kg7 33.Qg4+ Bg5 34.h4 Qa5 35.Rd1 h5 36.Qxh5 Bh6
37.Qg4+ Kh7 38.Rd7 Qe1+ 39.Kh2 Qe8 40.Qg6+  1-0

[Event "TCh-AUT 1st Bundesliga 2007-8"]
[Site "Graz AUT"]
[Date "2008.03.13"]
[Round "8"]
[White "Knoll,H"]
[Black "Volkmann,F"]
[Result "1-0"]
[WhiteElo "2386"]
[BlackElo "2434"]

1.d4 d5 2.Nf3 Nf6 3.c4 c6 4.Nc3 e6 5.e3 Nbd7 6.Qc2 Bd6 7.Be2 O-O 8.O-O Re8
9.Rd1 Qe7 10.h3 h6 11.a3 b6 12.e4 Nxe4 13.Nxe4 dxe4 14.Qxe4 Nf6 15.Qh4 c5
16.dxc5 bxc5 17.Be3 e5 18.Rac1 Rb8 19.b4 e4 20.bxc5 Bxc5 21.Nd4 Rb2 22.Bf1 Bd7
23.Rc3 Bxa3 24.Bxh6 gxh6 25.Qg3+ Kh7 26.Rxa3 Rg8 27.Qc3 Rb7 28.Ra5 Rg5 29.Rda1 Rxa5
30.Rxa5 Rc7 31.Qg3 Bc8 32.Be2 Rc5 33.Ra1 a5 34.Qe3 Bd7 35.Nb3 Rg5 36.Rxa5 Rg7
37.Nd4 Qb4 38.Ra6 Qb1+ 39.Kh2 Qb8+ 40.g3 Rg6 41.c5 Qe5 42.c6 Bc8 43.f4 Qb8
44.f5 Bxf5 45.Nxf5 Qb1 46.c7 Qc2 47.Ne7 Nd5 48.Nxd5 Rxa6 49.Nb4  1-0

[Event "Isbank Ataturk Women's Masters"]
[Site "Istanbul TUR"]
[Date "2008.03.13"]
[Round "3"]
[White "Javakhishvili,L"]
[Black "Krush,I"]
[Result "1/2-1/2"]
[WhiteElo "2470"]
[BlackElo "2473"]

1.d4 d5 2.c4 c6 3.Nf3 Nf6 4.Nc3 e6 5.e3 a6 6.c5 b6 7.cxb6 Nbd7 8.Be2 Bd6
9.O-O O-O 10.Qc2 Nxb6 11.e4 Be7 12.e5 Nfd7 13.Bd3 h6 14.Bf4 c5 15.Qd2 Nc4
16.Bxc4 dxc4 17.d5 exd5 18.Nxd5 Nb6 19.Nxe7+ Qxe7 20.Qd6 Qxd6 21.exd6 Be6
22.Nd2  1/2-1/2

[Event "ch-UKR Boys u20"]
[Site "Odessa UKR"]
[Date "2008.03.13"]
[Round "9"]
[White "Grinev,V"]
[Black "Bagrationi,A"]
[Result "1-0"]
[WhiteElo "2266"]
[BlackElo "2178"]

1.Nf3 d5 2.d4 c6 3.c4 Nf6 4.Nc3 e6 5.e3 Nbd7 6.Bd3 dxc4 7.Bxc4 b5 8.Bd3 Bb7
9.O-O a6 10.e4 c5 11.d5 Qc7 12.dxe6 fxe6 13.Bc2 c4 14.Nd4 Nc5 15.Be3 O-O-O
16.Qe2 e5 17.Nf3 Ne6 18.Rfd1 Bc5 19.Nd5 Nxd5 20.exd5 Nf4 21.Bxf4 exf4 22.Bf5+ Kb8
23.Be6 h6 24.Ne5 Rhf8 25.a4 Bd6 26.Nf3 b4 27.Rac1 c3 28.Qd3 Rc8 29.bxc3 bxc3
30.Bxc8 Rxc8 31.Nd4 Qa5 32.Nc6+ Bxc6 33.dxc6 Rxc6 34.Qe4 Kc7 35.Qd4 Qc5 36.Qxg7+ Kb6
37.a5+ Qxa5 38.Rb1+ Bb4 39.Qe7 Kb5 40.Rd5+  1-0

[Event "ch-RUS Girls u20"]
[Site "St Petersburg RUS"]
[Date "2008.03.13"]
[Round "6"]
[White "Tarasova,Viktoriy"]
[Black "Meleshko,Ann"]
[Result "1-0"]
[WhiteElo "2267"]
[BlackElo "2215"]

1.d4 d5 2.c4 c6 3.Nf3 Nf6 4.Nc3 e6 5.e3 Nbd7 6.Qc2 Bd6 7.b3 O-O 8.Bb2 a6
9.Bd3 e5 10.dxe5 Nxe5 11.Nxe5 Bxe5 12.O-O-O Qe7 13.cxd5 cxd5 14.Kb1 Kh8 15.Rhe1 Bd7
16.f4 Bxc3 17.Qxc3 Rac8 18.Qd4 Rg8 19.h3 Bc6 20.Bf5 Rcd8 21.g4 Ne4 22.g5 Qc5
23.Qxc5 Nxc5 24.h4 Rge8 25.h5 Kg8 26.Bc2 Ne4 27.Rg1 Bb5 28.Rg2 Rd7 29.a4 Bc6
30.Bd4 b5 31.a5 b4 32.Kb2 Bb5 33.g6 hxg6 34.hxg6 f6 35.Rh2 Rc7 36.Bb6 Rc6
37.Rxd5 f5 38.Bxe4 fxe4 39.f5 Bd3 40.Bc5 Rb8 41.Bxb4 Rcc8 42.Rd4 Rb5 43.Rf2 Rcb8
44.Ka3 R5b7 45.Rh2 Rb5 46.Rh5 Bb1 47.Rh7 R5b7 48.Rh1 Bd3 49.Rc1 Rb5 50.Rc7 Kh8
51.Rf7 Bc2 52.Ka2 Bd3 53.Bc3 Rc5 54.Bb4 Rc2+ 55.Ka3 Rc1 56.Rf8+ Rxf8 57.Bxf8 Rc8
58.Bb4 Kg8 59.Rd7 Rb8 60.Bc3 Rc8 61.Bxg7 Rc5 62.f6  1-0

[Event "ch-UKR Boys u20"]
[Site "Odessa UKR"]
[Date "2008.03.14"]
[Round "10"]
[White "Borsuk,K"]
[Black "Polyakov,M"]
[Result "1-0"]
[WhiteElo "2297"]
[BlackElo "2305"]

1.d4 d5 2.c4 c6 3.Nc3 Nf6 4.Nf3 e6 5.e3 Nbd7 6.Qc2 Bd6 7.Bd3 O-O 8.O-O dxc4
9.Bxc4 a6 10.Rd1 b5 11.Be2 Qc7 12.e4 e5 13.g3 Re8 14.a3 exd4 15.Nxd4 Be5
16.Nf5 g6 17.Nh6+ Kg7 18.Ng4 Nxg4 19.Bxg4 Nf6 20.Bxc8 Raxc8 21.Bg5 Bxc3 22.Qxc3 Qe5
23.Qxe5 Rxe5 24.Bxf6+ Kxf6 25.f3 Ke7 26.Rac1 c5 27.Kf2 f5 28.exf5 Rxf5 29.f4 g5
30.Re1+ Kf6 31.Rcd1 Rc6 32.Rd7 Re6 33.Rxe6+ Kxe6 34.Rxh7 gxf4 35.Rh6+ Kd5
36.g4 Rf8 37.Kf3 Kc4 38.h4 a5 39.Re6 Kb3 40.Re2 c4 41.h5 b4 42.axb4 axb4
43.h6 c3 44.bxc3 bxc3 45.g5 c2 46.Re1 Kb2 47.h7 Re8 48.Rxe8 c1=Q 49.h8=Q+  1-0

[Event "TCh-AUT 1st Bundesliga 2007-8"]
[Site "Graz AUT"]
[Date "2008.03.15"]
[Round "10"]
[White "Tabernig,B"]
[Black "Braun,A"]
[Result "0-1"]
[WhiteElo "2323"]
[BlackElo "2536"]

1.d4 d5 2.c4 c6 3.Nf3 Nf6 4.Nc3 e6 5.e3 Nbd7 6.Qc2 Bd6 7.Bd3 O-O 8.O-O dxc4
9.Bxc4 a6 10.a3 c5 11.dxc5 Bxc5 12.b4 Be7 13.Bb2 b5 14.Be2 Bb7 15.Rac1 Qb8
16.h3 Rc8 17.Qb1 Nb6 18.Nd2 Bc6 19.Nb3 Nc4 20.Bxc4 bxc4 21.Na5 Bb5 22.Rfd1 Bd8
23.Qa1 Bxa5 24.bxa5 Ne8 25.Ne4 Qb7 26.Nd6 Nxd6 27.Rxd6 Rc5 28.Rcd1 f6 29.R1d4 e5
30.Rd8+ Kf7 31.Rxa8 Qxa8 32.Rd2 Bc6 33.f4 exf4 34.exf4 Qe8 35.Bd4 Rd5 36.Qc3 Qe1+
37.Kh2 Qe4 38.Qe3 Qxe3 39.Bxe3 Rxd2 40.Bxd2 Ke6 41.Kg3 Kd5 42.Kf2 Kd4 43.a4 Kd3
44.Bc1 c3 45.Ke1 Bxg2 46.h4 Bf3 47.Ba3 Kc2 48.Bc5 Kb1 49.Ba3 Bg4  0-1

[Event "TCh-AUT 1st Bundesliga 2007-8"]
[Site "Graz AUT"]
[Date "2008.03.15"]
[Round "10"]
[White "Ftacnik,L"]
[Black "Ragger,M"]
[Result "1/2-1/2"]
[WhiteElo "2542"]
[BlackElo "2530"]

1.d4 d5 2.c4 c6 3.Nc3 Nf6 4.e3 e6 5.Nf3 Nbd7 6.Bd3 dxc4 7.Bxc4 b5 8.Bd3 a6
9.a4 b4 10.Ne4 c5 11.O-O Bb7 12.Ned2 Be7 13.Qe2 O-O 14.Rd1 cxd4 15.exd4 a5
16.Nc4 Nb6 17.Nfe5 Nxc4 18.Bxc4 Rc8 19.Be3 Nd5 20.Rac1 Bd6  1/2-1/2

[Event "ch-Siberia"]
[Site "Novokuznetsk RUS"]
[Date "2008.03.15"]
[Round "3"]
[White "Dashiev,K"]
[Black "Sinitsin,R"]
[Result "0-1"]
[WhiteElo "2148"]
[BlackElo "2279"]

1.Nf3 d5 2.c4 e6 3.d4 Nf6 4.Nc3 c6 5.e3 Nbd7 6.Qc2 Bd6 7.Bd3 O-O 8.O-O Qe7
9.h3 Re8 10.Bd2 dxc4 11.Bxc4 h6 12.Bb3 e5 13.Nh4 Nf8 14.dxe5 Qxe5 15.Nf3 Qh5
16.Ne2 Bxh3 17.gxh3 Qxf3 18.Nd4 Qxh3 19.f4 Ng4 20.Rf3 Qh2+ 21.Kf1 Qh1+ 22.Ke2 Qxa1
23.Rf1 Rxe3+  0-1

[Event "ch-RUS Girls u20"]
[Site "St Petersburg RUS"]
[Date "2008.03.15"]
[Round "8"]
[White "Savina,A"]
[Black "Meleshko,Ann"]
[Result "1-0"]
[WhiteElo "2202"]
[BlackElo "2215"]

1.d4 d5 2.c4 c6 3.Nc3 Nf6 4.e3 e6 5.Nf3 Nbd7 6.Qc2 Bd6 7.g4 h6 8.Bd2 Nxg4
9.Rg1 Nxh2 10.Nxh2 Bxh2 11.Rxg7 Qf6 12.Rg2 Bd6 13.O-O-O dxc4 14.e4 Bf4 15.e5 Bxd2+
16.Qxd2 Qh4 17.f3 Nb6 18.Ne4 Nd5 19.Nd6+ Kf8 20.Rg4 Qd8 21.Bxc4 h5 22.Rh1 b5
23.Bb3 Bd7 24.Rgh4 Be8 25.Rxh5 Rxh5 26.Rxh5 Ke7 27.Bxd5 cxd5 28.Qb4 Qc7+
29.Kb1 a5 30.Nxe8+ axb4 31.Nxc7 Ra5 32.Rh8 Kd7 33.Ne8 Ke7 34.Nf6  1-0

[Event "31st San Sebastian Open"]
[Site "Donostia ESP"]
[Date "2008.03.16"]
[Round "1"]
[White "Simutowe,A"]
[Black "Ramon Gualberto,A"]
[Result "1-0"]
[WhiteElo "2457"]
[BlackElo "1871"]

1.c4 Nf6 2.Nc3 e6 3.Nf3 d5 4.d4 c6 5.e3 Nbd7 6.Qc2 Bd6 7.Be2 O-O 8.O-O a6
9.e4 dxe4 10.Nxe4 Nxe4 11.Qxe4 Nf6 12.Qh4 c5 13.Rd1 Qc7 14.Bd3 Be7 15.Bf4 Qd8
16.dxc5 Qe8 17.Bg5 h6 18.Bxh6 g6 19.Bg5  1-0

[Event "TCh-AUT 1st Bundesliga 2007-8"]
[Site "Graz AUT"]
[Date "2008.03.16"]
[Round "11"]
[White "Genser,H"]
[Black "Tabernig,B"]
[Result "1-0"]
[WhiteElo "2351"]
[BlackElo "2323"]

1.d4 Nf6 2.c4 e6 3.Nf3 d5 4.Nc3 c6 5.e3 Nbd7 6.Bd3 dxc4 7.Bxc4 b5 8.Bd3 a6
9.e4 c5 10.e5 cxd4 11.Nxb5 axb5 12.exf6 gxf6 13.O-O Qb6 14.Qe2 b4 15.Rd1 Ra5
16.a4 bxa3 17.bxa3 Bc5 18.Rb1 Qa7 19.Bb5 Ke7 20.Bb2 Rxb5 21.Qxb5 Ba6 22.Qa4 e5
23.Nxd4 exd4 24.Bxd4 Rg8 25.Bxc5+ Nxc5 26.Qc6 Rc8 27.Qd6+ Ke8 28.Qxf6 Ne6
29.Qh8+ Ke7 30.Qxh7 Rc4 31.Rd5 Rf4 32.Qc2 Bc4 33.Rd2 Qa8 34.Rbd1 Rg4 35.Rd7+ Ke8
36.g3 Qc6 37.Qf5 Rg7 38.Qf6 Qxd7 39.Rxd7 Kxd7 40.f4 Rh7 41.Qc3 Ba6 42.Qd2+ Ke8
43.f5 Ng7 44.f6 Nf5 45.Qg5 Nh6 46.Qe3+ Kd7 47.Qa7+ Kd6 48.Qxa6+ Ke5 49.Qd3 Rh8
50.Qe3+ Kf5 51.Qf4+ Ke6 52.a4 Nf5 53.Qe4+ Kxf6 54.g4 Ng7 55.a5 Re8 56.Qf4+ Kg6
57.a6 f5 58.a7 Re1+ 59.Kf2 Ra1 60.Qb8 Ra2+ 61.Ke1  1-0

[Event "V Int"]
[Site "Los Llanos de Aridane ESP"]
[Date "2008.03.16"]
[Round "3"]
[White "Vera Gonzalez Quevedo,R"]
[Black "Adly,A"]
[Result "1/2-1/2"]
[WhiteElo "2495"]
[BlackElo "2551"]

1.d4 d5 2.c4 e6 3.Nc3 Nf6 4.Nf3 c6 5.e3 Nbd7 6.Bd3 dxc4 7.Bxc4 b5 8.Bd3 a6
9.e4 b4 10.Na4 c5 11.e5 Nd5 12.dxc5 Nxc5 13.Nxc5 Bxc5 14.O-O h6 15.Bd2 Bb7
16.Rc1 Qb6 17.Rc4 Rd8 18.Qc2 Be7 19.Rg4 g5 20.Rc4 Rg8 21.Rc1 Rf8 22.Be2 Rg8
23.h3 f5  1/2-1/2

[Event "39th Open"]
[Site "Mar del Plata ARG"]
[Date "2008.03.16"]
[Round "3"]
[White "Corsi Ferrari,N"]
[Black "Miranda Romo,D"]
[Result "1-0"]
[WhiteElo "2272"]
[BlackElo "2059"]

1.d4 d5 2.c4 c6 3.Nc3 Nf6 4.Nf3 e6 5.e3 Be7 6.Bd3 O-O 7.O-O Nbd7 8.cxd5 exd5
9.Rb1 Re8 10.b4 Bf8 11.Qc2 h6 12.Nd2 b6 13.Ne2 Bb7 14.Ng3 Rb8 15.Qa4 Qc7
16.Ba3 a5 17.bxa5 b5 18.Qb3 Qxa5 19.Bxf8 Rxf8 20.Qc2 Ra8 21.Rb2 Nb6 22.Nf5 Na4
23.Rb3 Qd8 24.e4 dxe4 25.Bxe4 g6 26.Nxh6+ Kg7 27.Bxg6 Kxh6 28.Rh3+ Kg7 29.Rg3 Rg8
30.Bh7+ Kf8 31.Bxg8 Nxg8 32.Qh7 Ke7 33.Re1+ Kd6 34.Qxf7 Qd7 35.Qf4+  1-0

[Event "ch-RUS Boys u20"]
[Site "St Petersburg RUS"]
[Date "2008.03.16"]
[Round "9"]
[White "Lovkov,R"]
[Black "Popov,Iv RUS"]
[Result "1/2-1/2"]
[WhiteElo "2457"]
[BlackElo "2595"]

1.d4 d5 2.c4 e6 3.Nc3 c6 4.e3 Nf6 5.Nf3 Nbd7 6.Bd3 dxc4 7.Bxc4 b5 8.Bd3 Bb7
9.O-O a6 10.e4 c5 11.Re1 cxd4 12.Nxd4 Nc5 13.Bc2 b4 14.Na4 Ncxe4 15.f3 Nc5
16.Be3 b3 17.Nxc5 Bxc5 18.Nxb3 Bxe3+ 19.Rxe3 Nd5 20.Re1 Rc8 21.Be4 O-O 22.Qd4 Qg5
23.Qf2 Rc7 24.Qg3 Qe7 25.Rad1 Rd8 26.Rd4 g6 27.Qe5 f6 28.Qg3 e5 29.Rd2 a5
30.Qf2 a4 31.Nd4 Rcd7 32.Nc2 Nf4 33.Red1 Ba6 34.Kh1 Bc4 35.g3 Nh3 36.Qe3 Bxa2
37.Bc6 Rxd2 38.Rxd2 Bb3 39.Kg2 Ng5 40.Na1 Rd6 41.Nxb3 Rxc6 42.h4 Nf7 43.Qe4 Rb6
44.Qxa4 Kg7 45.Na5 Qc5 46.Qc4 Qe7 47.Nc6 Qb7 48.Nd8  1/2-1/2

[Event "GM"]
[Site "Beer Sheva ISR"]
[Date "2008.03.17"]
[Round "4"]
[White "Tunik,G"]
[Black "Haimovich,T"]
[Result "1/2-1/2"]
[WhiteElo "2473"]
[BlackElo "2447"]

1.d4 d5 2.c4 c6 3.Nf3 Nf6 4.Nc3 e6 5.e3 Nbd7 6.Bd3 dxc4 7.Bxc4 b5 8.Bd3 Bd6
9.Bd2 Bb7 10.Rc1 Rc8 11.O-O O-O 12.Ng5 b4 13.Nce4 Be7 14.Nxf6+ Nxf6 15.Bb1 c5
16.dxc5 Bxc5 17.Qe2 h6 18.Nf3 Qd6 19.Rfd1 Qb6 20.Ne5 Rfd8 21.Be1 Rxd1 22.Rxd1 Bd6
23.Nf3 Qc6 24.Rd2 Qc1  1/2-1/2

[Event "ch-Siberia"]
[Site "Novokuznetsk RUS"]
[Date "2008.03.17"]
[Round "5"]
[White "Shkurikhin,I"]
[Black "Tuzhik,A"]
[Result "1-0"]
[WhiteElo "2371"]
[BlackElo "2313"]

1.d4 d5 2.Nf3 Nf6 3.c4 c6 4.Nc3 e6 5.e3 Nbd7 6.Qc2 Bd6 7.g4 Nxg4 8.Rg1 h5
9.h3 Nh6 10.Bd2 Qf6 11.Ng5 Nf5 12.O-O-O g6 13.Bd3 Qe7 14.Rde1 Nf6 15.Qd1 Qc7
16.e4 dxe4 17.Ncxe4 Nxe4 18.Nxe4 Bf4 19.Kb1 Nxd4 20.c5 Nf5 21.Bc3 e5 22.Bc4 Ke7
23.Qf3 Rd8 24.Ng5 Kf8 25.Nh7+ Kg7 26.Qxf4 Kxh7 27.Rxe5 Re8  1-0

[Event "ch-DEN"]
[Site "Silkeborg DEN"]
[Date "2008.03.17"]
[Round "3"]
[White "Antonsen,M"]
[Black "Rasmussen,Kar"]
[Result "0-1"]
[WhiteElo "2409"]
[BlackElo "2505"]

1.d4 d5 2.c4 c6 3.Nf3 Nf6 4.e3 e6 5.Nc3 Nbd7 6.Qc2 Bd6 7.Bd3 O-O 8.O-O dxc4
9.Bxc4 a6 10.a4 c5 11.Rd1 cxd4 12.Ne4 Nxe4 13.Qxe4 Nf6 14.Qxd4 Bc7 15.Bd2 Qxd4
16.Nxd4 Bd7 17.Be2 Rac8 18.Bf3 e5 19.Nb3 e4 20.Be2 Be5 21.Bb4 Rfe8 22.Rd2 g6
23.Na5 b5 24.Nb7 bxa4 25.Nd6 Bxd6 26.Rxd6 Re6 27.Rxe6 Bxe6 28.Bxa6 Rc2 29.Bc3 Nd5
30.Bd4 Nb4 31.Bb5 Bb3 32.g4 Rc8 33.Bf1 Nc2 34.Rc1 Rc6 35.Bb5 Nxd4 36.Rxc6 Nxb5
37.Kg2 Kg7 38.g5 Kf8 39.Kg3 Ke7 40.Kf4 Kd7 41.Ra6 Nd6 42.Ke5 Nc4+ 43.Kxe4 Nxb2
44.Kd4 Nc4 45.Ra7+ Ke6 46.f4 Na3 47.Ra6+ Kf5 48.h3 Nc2+  0-1

[Event "ch-Siberia"]
[Site "Novokuznetsk RUS"]
[Date "2008.03.18"]
[Round "6"]
[White "Pereboev,K"]
[Black "Tsydypov,Z"]
[Result "1-0"]
[WhiteElo "2217"]
[BlackElo "2022"]

1.d4 d5 2.c4 c6 3.e3 Nf6 4.Nc3 e6 5.Nf3 Bd6 6.Bd3 dxc4 7.Bxc4 b5 8.Bd3 O-O
9.e4 b4 10.Ne2 Bc7 11.Bg5 h6 12.Bh4 Qd7 13.Bxf6 gxf6 14.Qd2 Kh7 15.e5+ f5
16.g4 Qd5 17.gxf5 exf5 18.Qf4 Rg8 19.Ng3 Rg4 20.Qxg4  1-0

[Event "39th Open"]
[Site "Mar del Plata ARG"]
[Date "2008.03.19"]
[Round "6"]
[White "Santucho,S"]
[Black "Saralegui,L"]
[Result "1-0"]
[WhiteElo "1961"]
[BlackElo "2118"]

1.d4 d5 2.c4 c6 3.Nc3 Nf6 4.e3 e6 5.Nf3 Nbd7 6.Bd3 Bd6 7.O-O O-O 8.Qc2 dxc4
9.Bxc4 e5 10.e4 exd4 11.Nxd4 Nb6 12.Qd3 Nxc4 13.Qxc4 Ng4 14.Nf3 Qf6 15.h3 b5
16.Qe2 Ne5 17.Nxe5 Bxe5 18.Be3 Be6 19.Rfc1 a5 20.Nd1 Bc4 21.Rxc4 bxc4 22.Rc1 Rfb8
23.Rc2 c3 24.Nxc3 Qe6 25.b3 Bxc3 26.Rxc3 Qxe4 27.Rc4 Qe6 28.Qc2 Rc8 29.Rh4 h6
30.Rg4 c5 31.Qc3 g5 32.Bxg5 hxg5 33.Rxg5+ Kf8 34.Qg7+ Ke7 35.Re5 Ra6 36.Qg5+ Kf8
37.Rxe6 Rxe6 38.Qd2 a4 39.Qd7 Rcc6 40.g4 axb3 41.axb3 c4 42.bxc4 Rxc4 43.Kg2 Rc2
44.Kg3 Ree2 45.Qf5 Kg7 46.h4 f6 47.h5 Rxf2 48.Qg6+ Kf8 49.Qe4 Kg7 50.Qe7+ Kg8
51.Qe8+ Kg7 52.Qg6+ Kf8 53.Qe4 Kg7 54.Qe7+ Kg8 55.Qe3 Rg2+ 56.Kf3 Rh2 57.Qe8+ Kg7
58.Qg6+ Kf8 59.Qxf6+ Kg8 60.Qe6+ Kf8 61.Kf4 Rhf2+ 62.Kg5 Rc5+ 63.Kg6 Rc7
64.Qd6+ Re7 65.h6 Re2 66.Qd8+  1-0